Train Amsterdam-Basel - Statistics

General Stats
  • This quiz has been taken 79 times
  • The average score is 8 of 15
Answer Stats
# Station % Correct
14 Basel SBB
90%
8 Frankfurt Flughaben Fernbf
75%
12 Freiburg (Breisgau) Hbf
71%
10 Karlsruhe Hbf
68%
9 Mannheim Hbf
68%
5 Düsseldorf Hbf
66%
11 Baden-Baden
51%
4 Duisburg Hbf
46%
13 Basel Bad Bf
44%
0 Amsterdam CS
41%
6 Köln Hbf
40%
1 Utrecht CS
28%
3 Oberhausen Hbf
25%
2 Arnhem CS
22%
7 Siegburg
21%
No matching quizzes found
Score Distribution
Percent of People with Each Score
Percentile by Number Answered
Your Score History
You have not taken this quiz